000 00327nam a22001337a 4500
008 170414b xxu||||| |||| 00| 0 eng d
020 _a9780781747950
041 _aeng
080 _28 ED
_a618
100 _a10
101 _aSHM
245 _aCLINICAL GYNECOLOGY ENDOCRINOLOGY AND INFERTILITY
_cSPEROF.L
942 _2udc
_cBK
999 _c10719
_d10719